000 00534nam a2200193Ia 4500
005 20250508163949.0
008 008 250505s9999 xx 000 0 hin d
037 _aTextBook
040 _aFEDL
_beng
_cFEDL
041 _ahin
_2eng
084 _a371.3, ABH
_qFEDL
245 0 _aAbhinav patth yojana: Jeev - vigyan
260 _aNew Delhi, India
_bAsha Prakashan Grah
_c1989
300 _a76p
365 _aINR
_b15
650 _aEducation; Teaching Technique
942 _cTB
_h371.3, ABH
999 _c1386317
_d1386317